| 000 | 01221cam a2200409 4500 | ||
|---|---|---|---|
| 008 | 090401t1997 xxu||||| |||| 00| 0 eng d | ||
| 020 | _a2930066415 | ||
| 035 | _a(Sirsi) u82648 | ||
| 041 | _aeng | ||
| 050 | _a332.6324094 | ||
| 245 | _aPractical guide to foreign direct investment in the European Union. | ||
| 260 |
_aGenval, Belgium _bEuroconfidentiel _c1997 |
||
| 300 | _a385p. : ill.,maps ; 30cm. | ||
| 350 | _a140 | ||
| 520 | _aClassifies the financial incentives available to business from the European Commission. Provides comparative graphs and tables on corporate taxation, labour and employment costs. Also includes details of investment agencies and professional organisations. | ||
| 650 | _aAUSTRIA | ||
| 650 | _aBELGIUM | ||
| 650 | _aBRITAIN | ||
| 650 | _aDENMARK | ||
| 650 | _aEUROPE | ||
| 650 | _aFINLAND | ||
| 650 | _aFOREIGN DIRECT INVESTMENT | ||
| 650 | _aFOREIGN INVESTMENT | ||
| 650 | _aFRANCE | ||
| 650 | _aGERMANY | ||
| 650 | _aGREECE | ||
| 650 | _aGREEN BOOK | ||
| 650 | _aIRELAND | ||
| 650 | _aITALY | ||
| 650 | _aLUXEMBOURG | ||
| 650 | _aNETHERLANDS | ||
| 650 | _aPORTUGAL | ||
| 650 | _aSPAIN | ||
| 650 | _aSWEDEN | ||
| 942 | _n0 | ||
| 948 | _c12/12/1997 | ||
| 999 |
_c96807 _d96807 |
||